00935 2200349 4500001002100000005001500021035002000036245011200056100001400168250000600182300003500188700001700223260004200240082001000282084001700292020002200309650001600331990001700347990001700364990001700381990001700398990001700415990001700432990001700449990001700466990001700483990001700500990001700517990001700534990001700551990001700568INLIS00000000000004620180809114645 a0010-08180000101 aMengenal Nama Nama Negara di Dunia :bAl-Buldanu Fil'Alami Wa 'Asimatuhu /cB. Nurani; Editor, Mahmud Yusuf0 aB. Nurani a- aiv, 44 hlm. :bilus. ;c25 cm.0 aMahmud Yusuf aBandung :bPT Sandiarta Sukses,c2009 a492.7 a492.7 NUR m a978-602-814-778-1 aBahasa Arab a00190/P/2018 a00191/P/2018 a00192/P/2018 a00190/P/2018 a00191/P/2018 a00192/P/2018 a00191/P/2018 a00190/P/2018 a00192/P/2018 a00192/P/2018 a00190/P/2018 a00191/P/2018 a04271/P/2018 a04275/P/2018